<?xml version="1.0" encoding="UTF-8"?><?xml-stylesheet type="text/xsl" href="static/style.xsl"?><OAI-PMH xmlns="http://www.openarchives.org/OAI/2.0/" xmlns:xsi="http://www.w3.org/2001/XMLSchema-instance" xsi:schemaLocation="http://www.openarchives.org/OAI/2.0/ http://www.openarchives.org/OAI/2.0/OAI-PMH.xsd"><responseDate>2026-04-27T21:23:24Z</responseDate><request verb="GetRecord" identifier="oai:uvadoc.uva.es:10324/36081" metadataPrefix="marc">https://uvadoc.uva.es/oai/request</request><GetRecord><record><header><identifier>oai:uvadoc.uva.es:10324/36081</identifier><datestamp>2021-06-29T23:40:53Z</datestamp><setSpec>com_10324_38</setSpec><setSpec>col_10324_852</setSpec></header><metadata><record xmlns="http://www.loc.gov/MARC21/slim" xmlns:doc="http://www.lyncode.com/xoai" xmlns:xsi="http://www.w3.org/2001/XMLSchema-instance" xmlns:dcterms="http://purl.org/dc/terms/" xsi:schemaLocation="http://www.loc.gov/MARC21/slim http://www.loc.gov/standards/marcxml/schema/MARC21slim.xsd">
<leader>00925njm 22002777a 4500</leader>
<datafield tag="042" ind1=" " ind2=" ">
<subfield code="a">dc</subfield>
</datafield>
<datafield tag="720" ind1=" " ind2=" ">
<subfield code="a">Martín Iglesias, Mario</subfield>
<subfield code="e">author</subfield>
</datafield>
<datafield tag="260" ind1=" " ind2=" ">
<subfield code="c">2019</subfield>
</datafield>
<datafield tag="520" ind1=" " ind2=" ">
<subfield code="a">El mercado de valores representa una oportunidad para las empresas para financiarse. Este modelo de financiación es empleado por algunos equipos de fútbol en la actualidad, aunque su situación no es muy conocida. A través de este proyecto final se analiza esta situación en términos globales, hasta llegar a conocer los aspectos más particulares de este fenómeno y la realización de estudios de caso y supuestos, con el fin de extraer una explicación adecuada de éste.</subfield>
</datafield>
<datafield tag="024" ind2=" " ind1="8">
<subfield code="a">http://uvadoc.uva.es/handle/10324/36081</subfield>
</datafield>
<datafield tag="245" ind1="0" ind2="0">
<subfield code="a">La salida a bolsa como alternativa de financiación de los equipos de fútbol de las ligas profesionales</subfield>
</datafield>
</record></metadata></record></GetRecord></OAI-PMH>